000 00377nam a2200157 4500
001 45766
090 _a45766
100 _a20260303 pory50
101 _apor
102 _aPT
200 _aDesenvolvendo a responsabilidade
_fconstance J. Foster
210 _a[S.l.]
_cEditora fundo de cultura
_d[19--?)
215 _a79 p.
675 _a159.92
801 _aPT
_gRPC
990 _cLIVROS